| 000 | 00523nam a22001577a 4500 | ||
|---|---|---|---|
| 003 | macl | ||
| 005 | 20181214132734.0 | ||
| 008 | 181214b xxu||||| |||| 00| 0 eng d | ||
| 040 | _cmacl | ||
| 082 | _a800/GAG | ||
| 100 |
_aशुक्ला ,डॉ इंदु _973388 |
||
| 245 | _aगंगाप्रसाद मिश्र ग्रंथ्ाावली Vol.3 | ||
| 260 |
_aदिल्ली _bगाैरव बुक्स _c2014 |
||
| 650 |
_aरचनावली _9163 |
||
| 942 |
_2ddc _cHIN |
||
| 999 |
_c58703 _d58703 |
||